| 000 | 00902cam a2200277 a 4500 | ||
|---|---|---|---|
| 001 | 290535 | ||
| 003 | ARRUPE | ||
| 005 | 20160412091426.0 | ||
| 008 | 830103s1982 ke b 000 0 eng d | ||
| 035 | _a(OCoLC)ocm09094667 | ||
| 035 | _a(CStRLIN)NYCG85-B101136 | ||
| 035 | _a(NNC)290535 | ||
| 040 |
_aUIU _cUIU _dOCL _dBOS _dm/c |
||
| 041 | 1 |
_aengmul _hmul |
|
| 043 | _af-ke--- | ||
| 100 | 1 |
_aAkivaga, S. Kichamu. _923665 |
|
| 245 | 1 | 0 |
_aOral literature : _ba school certificate course / _cS. Kichamu Akivaga and A. Bole Odaga. |
| 260 |
_aNairobi [Kenya] : _bHeinemann Educational Books, _c1982. |
||
| 300 |
_axii, 134 p. ; _c21 cm. |
||
| 500 | _aSome poetry presented in original language followed by English translation. | ||
| 504 | _aBibliography: p. 134. | ||
| 650 | 0 |
_aFolklore _xStudy and teaching _923666 |
|
| 700 | 1 |
_aOdaga, Asenath. _923667 |
|
| 942 |
_2lcc _cMONOGRAPH |
||
| 999 |
_c124560 _d124560 |
||